LDR 01090naa#a2200169#i#450# 001 RU\\bibl\122991 005 20260517122856.7 011 ## _a2409-1073 100 ## _a20230920b2023####ek#y0rusy0150####ca 102 ## _aRU 200 1# _aРазвитие философии управления в контексте современной рациональности _eЖурнальная статья 210 1# _aМосква _cФедеральное государственное автономное образовательное учреждение высшего образования Национальный исследовательский университет "Московский институт электронной техники" _d2023 215 ## _a0 с. 608 ## _aЖурнальная статья _2local 675 ## _aСубъект познания. Объект познания. Сознание в целом. Теоретико-познавательный субъект. 165.12 _z 700 #1 _aЛомакина _gНаталья Борисовна 856 4# _amminfo.editorum.ru _u